000 00832nam a22002897a 4500
001 0000806
003 KOHA_MİRAKIL
005 20260207001220.0
007 ta
008 081212b2007 tu |||grd|||#0|||1|tur |
020 _a9754713111
_cYTL69,864999999999995
040 _aTR-BiSEU
_btur
_cTR-BiSEU
_erda
041 0 _atur
044 _ctu
050 _aPE1645.T87
_bI54 2005
245 0 _aİngilizce-Türkçe Türkçe-İngilizce universal büyük sözlük.
264 1 _aİstanbul :
_bFono Yayınları
_c2007
300 _a1880 sayfa; 24 cm.
336 _ametin
_btxt
_2rdacontent
337 _aaracısız
_bn
_2rdamedia
338 _acilt
_bnc
_2rdacarrier
650 0 _aSözlükler.
_91707
650 0 _aTürk dili--Sözlükler--İngilizce.
_91708
650 0 _aDictionaries.
_91709
907 _aSözlük
942 _2lcc
_cBK
999 _c801
_d801